Statistics for U.S. TV Shows with Names in the Title

Click here to take the quiz!

General Stats

  • This quiz has been taken 34,935 times
  • The average score is 21 of 30

Answer Stats

TV Show% Correct
{Buffy} the Vampire Slayer
95%
{Malcolm} in the Middle
91%
{Dora} the Explorer
91%
Everybody loves {Raymond}
90%
{Bob} the Builder
90%
{Hannah} Montana
89%
Ugly {Betty}
87%
{Sabrina}, the Teenage Witch
86%
{Will} & Grace
85%
{Dawson}'s Creek
80%
{Xena}: Warrior Princess
74%
{Ally} McBeal
74%
I Love {Lucy}
73%
The Suite Life of Zack and {Cody}
72%
My Name Is {Earl}
72%
{Chip} 'n Dale Rescue Rangers
71%
Everybody Hates {Chris}
69%
{Kim} Possible
69%
{Veronica} Mars
67%
Mork & {Mindy}
65%
The {Andy} Griffith Show
64%
Dharma & {Greg}
64%
Laverne & {Shirley}
57%
{Doogie} Howser, M.D.
55%
Suddenly {Susan}
48%
{Charles} in Charge
44%
According to {Jim}
43%
{Joan} of Arcadia
42%
La Femme {Nikita}
40%
Better Off {Ted}
33%

Score Distribution

Percentile by Number Answered

Percent of People with Each Score

Your Score History

You have not taken this quiz